| 000 | 02158nam a2200337Ia 4500 | ||
|---|---|---|---|
| 008 | 130821s1753 sp a gr spa | ||
| 040 |
_aCo-BoUCM _bspa |
||
| 041 | 0 |
_aspa _alat |
|
| 092 | _aE16N038 | ||
| 100 | 1 |
_aTorrecilla, Martín de _dd.1709 |
|
| 245 | 1 | 0 |
_aAlegatos, apologias, y consultas varias, sobre casi todas las materias morales; privilegios de los señores obispos, de los missionarios apostolicos, y de los regulares, censuras, y modo de proceder en imponerlas _bTomo Tercero _csu autor el R. |
| 250 | _a2a imp. | ||
| 260 |
_aMadrid (España) _bImprenta de los Herederos de la Viuda de Juan García Infanzòn _c1753 |
||
| 300 |
_a[20], 563 páginas _bilustraciones |
||
| 500 | _aDetalles físicos: Encuadernación en pergamino con deterioro en bordes, conserva guardas y portada impresa a una sola tinta, con elementos tipográficos que se repiten para formar un marco y un pequeño grabado (león). Texto impreso en dos columnas | ||
| 504 | _aIncluye índice. | ||
| 505 | 0 | _aV.3: Apología primera que se defiende los privilegios que el Tridentino concede á los señores obispos, y la doctrina que yo di acerca de los misionarios apostólicos, de los reguladores en orden a los casos ocultos de la bula de la cena. ; Pleyt | |
| 506 | _aConsulta en sala. | ||
| 546 | _aTexto en español, con expresiones en latín. | ||
| 650 |
_917138 _aIglesia y Estado _ySiglo XVIII |
||
| 650 |
_aDerecho canónico _912710 |
||
| 650 |
_aDerecho civil _xObras anteriores a 1800 _912711 |
||
| 650 |
_aDerecho eclesiástico _xObras anteriores a 1800 _912757 |
||
| 650 |
_aMonasticismo _xObras anteriores a 1800 _919707 |
||
| 650 |
_aReligión y derecho _923507 |
||
| 650 |
_aVida cristiana _xDerecho _xObras anteriores a 1800 _926223 |
||
| 700 | 1 |
_aJuan García Infanzón _cHerederos de la viuda de _eimp. |
|
| 856 | 4 | 1 |
_zDisponible en línea V.3 de 1697 _uhttp://books.google.com.co/books?id=DQl9qmGRl2QC&printsec=frontcover&dq=alegatos+apologias+y+consultas+varias&hl=es&sa=X&ei=r1wpT8XRAYqNigKm17DECg&ved=0CC8Q6AEwAA#v=onepage&q=alegatos%20apologias%20y%20consultas% |
| 942 |
_cLIBRO _a8 _e2 _2DEWEY _h261.7 |
||
| 999 |
_c78729 _d78729 |
||